000 02130cam a2200169 4500500
005 20251228092702.0
041 _afre
042 _adc
100 1 0 _aGhebali, Victor-Yves
_eauthor
245 0 0 _aL'ONU face à la mondialisation : le problème du passage du multilatéralisme au système-monde
260 _c2005.
500 _a89
520 _aL?ONU face à la mondialisation : le problème du passage du multilatéralisme au système-mondeL?article porte sur les tentatives entreprises par l'ONU pour s?adapter aux paramètres nouveaux de la mondialisation à travers les décisions amorcées par le Sommet du Millénaire (2000) et timidement développées dans celles du Sommet mondial de 2005 – lesquelles n?ont pas été de nature à permettre la mutation nécessaire du multilatéralisme interétatique au mondial. L?article analyse les trois éléments fondamentaux de la réforme de l'ONU (la démocratisation du Conseil de sécurité, le renforcement des capacités de l'ONU en matière de gestion des conflits et la dépolitisation des activités relatives aux droits de l'homme) pour conclure que le scénario le plus probable est, pour un temps encore indéterminé, un statu quo regrettable.
520 _aL?ONU face à la mondialisation : le problème du passage du multilatéralisme au système-mondeThe article is devoted to the attempts made by the UN to adapt to globalization through the decisions launched by the Millenium Summit (2000) and continued by the World Summit of 2005, whose outcome does certainly not enable the UN to move from multilaterism to a global world system. It focuses on the three main elements of UN reform (democratization of the Security Council, strengthening of UN capacity for conflict management and de-politicization of human rights activities) before concluding that the most probable scenario is, for an undetermined period, the prevalence of the status quo.
786 0 _nRelations internationales | 124 | 4 | 2005-12-01 | p. 29-39 | 0335-2013
856 4 1 _uhttps://shs.cairn.info/revue-relations-internationales-2005-4-page-29?lang=fr&redirect-ssocas=7080
999 _c1603540
_d1603540